Štvrťstoročie so Speváckym zborom Sursum corda

Bibliographic Details
Main Authors: Šeroňová, Lenka (Author), Hodásová, Mária (Author), Ďuroška, Peter (Author)
Format: Book
Language:Slovak
PhysicalDescription:68 strán faksimile, fotografie, portréty 21 cm
Published: [Rosina] [Spevácky zbor Sursum corda] 2019
ISBN:9788097346508
Subjects:

MARC

LEADER 00000nam a2200000 4500
001 vtls011921756
003 SK-MaSNL
005 20260301225439.0
008 210624s2019 xo hoc gr 000 0dslo
020 |a 9788097346508  |q (brožované) 
035 |a 5B264D01-4633-413C-8B53-EFC36094E56A 
035 |a urn:nbn:sk:snk-am3ifid 
035 |a urn:nbn:sk:snk-am00e8dc 
040 |a SNK  |b slo  |c SNK  |e rda 
041 0 |a slo 
044 |a xo  |c SK 
072 7 |a 78  |x Hudba  |2 konspekt 
080 |a 78:061  |2 2011 
080 |a 78.087.68  |2 2011 
080 |a (048.8)  |2 2011 
100 1 |a Šeroňová, Lenka  |4 aut  |9 319516 
245 1 0 |a Štvrťstoročie so Speváckym zborom Sursum corda  |c autor: Lenka Šeroňová ; spoluautori: Mária Hodásová, Peter Ďuroška 
264 1 |a [Rosina]  |b [Spevácky zbor Sursum corda]  |c 2019 
300 |a 68 strán  |b faksimile, fotografie, portréty  |c 21 cm 
336 |a text  |b txt  |2 rdacontent 
337 |a bez média  |b n  |2 rdamedia 
338 |a zväzok  |b nc  |2 rdacarrier 
500 |a Vydavateľské údaje podľa NA ISBN 
610 2 7 |a Spevácky zbor Sursum corda (Rosina, Slovensko)  |2 SNKKA  |9 619053 
650 0 7 |a spevácke zbory  |2 SNKPH  |9 3197 
650 0 7 |a Choirs (music)  |2 SNKPHeng  |9 268103 
655 7 |a monografie  |2 SNKPH  |9 70139 
655 7 |a Monographs  |2 SNKPHeng  |9 120675 
700 1 |a Hodásová, Mária  |4 aut  |9 619054 
700 1 |a Ďuroška, Peter  |4 aut  |9 619055 
852 |a Štátna vedecká knižnica Banská Bystrica 
919 |a 978-80-973465-0-8 
999 |c 950894  |d 952824 
952 |a SNK  |b SNK  |y PREZ  |7 0  |p 17A1417407  |o snkSC 188202  |i snk2020/5597  |8 0  |0 0  |1 0  |4 0  |d 2020-03-04  |f 1  |l 0  |r 2025-10-06 00:00:00  |w 2026-02-24 
952 |a SNK  |b SNK  |y VYP  |7 0  |p 17A1417408  |o snkSC 188202 D1  |i snk2020/5598  |8 0  |0 0  |1 0  |4 0  |d 2020-03-04  |l 0  |r 2026-02-24 09:47:44  |w 2026-02-24